[Event "Amsterdam op 2nd"]
[Site "Amsterdam"]
[Date "2024.11.03"]
[Round "5"]
[White "Kazarian, Anna Maja"]
[Black "Brink, Barry"]
[Result "1-0"]
[WhiteElo "2178"]
[BlackElo "2345"]
[PlyCount "33"]
[EventDate "2024.11.01"]
[EventType "swiss"]
[EventRounds "6"]
[EventCountry "NED"]
[SourceTitle "CB45_2024"]
[Source "ChessBase"]
[SourceDate "2024.11.06"]
[SourceVersion "1"]
[SourceVersionDate "2024.11.06"]
[SourceQuality "1"]

1. e4 c5 2. Nf3 e6 3. d4 cxd4 4. Nxd4 Nc6 5. Nc3 Qc7 6. Be3 a6 7. g4 Nxd4 8. Qxd4 b5 9. 0-0-0 Bb7 10. f3 Rc8 11. Rd2 h6 12. Bxb5 Nf6 13. Ba4 e5 14. Qa7 Bb4 15. Bb6 Qb8 16. Qxb8 Rxb8 17. Bc7 1-0

[Event "Amsterdam op 2nd"]
[Site "Amsterdam"]
[Date "2024.11.01"]
[Round "2"]
[White "Brink, Barry"]
[Black "Hummel, Paul"]
[Result "1/2-1/2"]
[WhiteElo "2345"]
[BlackElo "2157"]
[PlyCount "75"]
[EventDate "2024.11.01"]
[EventType "swiss"]
[EventRounds "6"]
[EventCountry "NED"]
[SourceTitle "CB45_2024"]
[Source "ChessBase"]
[SourceDate "2024.11.06"]
[SourceVersion "1"]
[SourceVersionDate "2024.11.06"]
[SourceQuality "1"]

1. c4 Nf6 2. Nc3 c5 3. g3 g6 4. Bg2 Bg7 5. e3 0-0 6. Nge2 e6 7. 0-0 d5 8. cxd5 exd5 9. d4 cxd4 10. Nxd4 Nc6 11. Nxc6 bxc6 12. Bd2 Rb8 13. b3 Bg4 14. Qc1 Nd7 15. h3 Be6 16. Qa3 Ne5 17. Rad1 Bxh3 18. Bxh3 Nf3+ 19. Kg2 Nxd2 20. Rxd2 Bxc3 21. Rc2 d4 22. Qxa7 Qd5+ 23. Kg1 Qe5 24. exd4 Bxd4 25. Qa4 Qxg3+ 26. Bg2 Qf4 27. Qxc6 Rfd8 28. Re1 Rb6 29. Re8+ Rxe8 30. Qxe8+ Kg7 31. Qe4 Qf6 32. Rd2 Bc3 33. Rd1 Re6 34. Qf3 Qe5 35. Qd5 Qf6 36. Qf3 Qe5 37. Qd5 Qf6 38. Qf3 1/2-1/2

[Event "Amsterdam Science Park op-A"]
[Site "Amsterdam"]
[Date "2024.07.18"]
[Round "6"]
[White "In't Veld, Daan"]
[Black "Brink, Barry"]
[Result "0-1"]
[WhiteElo "2106"]
[BlackElo "2371"]
[PlyCount "78"]
[EventDate "2024.07.13"]
[EventType "swiss"]
[EventRounds "9"]
[EventCountry "NED"]
[SourceTitle "CBM 221 Extra"]
[Source "ChessBase"]
[SourceDate "2024.09.30"]
[SourceVersion "1"]
[SourceVersionDate "2024.09.30"]
[SourceQuality "1"]

1. e4 c6 2. d4 d5 3. exd5 cxd5 4. c4 Nf6 5. Nc3 e6 6. Nf3 Bb4 7. Bd3 0-0 8. 0-0 dxc4 9. Bxc4 b6 10. Qe2 Bb7 11. Bg5 Bxc3 12. bxc3 Nbd7 13. Rac1 Qc7 14. Bd3 h6 15. Bxf6 Bxf3 16. Qxf3 Nxf6 17. c4 Rad8 18. Rfd1 Rd6 19. c5 Rd5 20. Bc4 Rh5 21. h3 bxc5 22. d5 exd5 23. Bxd5 Rxd5 24. Rxd5 Nxd5 25. Qxd5 Rc8 26. Rc4 Re8 27. f4 Rc8 28. Kh1 Qc6 29. Qd3 g6 30. f5 g5 31. h4 gxh4 32. Rg4+ Kf8 33. Qc3 h3 34. Qxh3 Rd8 35. Qc3 Rd1+ 36. Kh2 Qd6+ 37. Rg3 Rd4 38. Kh3 c4 39. f6 Rd3 0-1

[Event "Amsterdam op 1st"]
[Site "Amsterdam"]
[Date "2023.10.28"]
[Round "3"]
[White "Brink, Barry"]
[Black "Kanis, Sierk"]
[Result "1/2-1/2"]
[WhiteElo "2378"]
[BlackElo "2153"]
[PlyCount "111"]
[EventDate "2023.10.27"]
[EventType "swiss"]
[EventRounds "6"]
[EventCountry "NED"]
[SourceTitle "CBM 217 Extra"]
[Source "ChessBase"]
[SourceDate "2024.01.31"]
[SourceVersion "1"]
[SourceVersionDate "2024.01.31"]
[SourceQuality "1"]

1. f4 d5 2. g3 Nf6 3. Nf3 Bf5 4. Bg2 e6 5. d3 Be7 6. 0-0 h6 7. Nc3 0-0 8. Qe1 Bh7 9. e4 c5 10. h3 Nc6 11. g4 Nd4 12. Qf2 Rc8 13. f5 Qc7 14. Kh1 Rfd8 15. fxe6 fxe6 16. exd5 exd5 17. Nxd4 cxd4 18. Nb5 Qxc2 19. Qxc2 Rxc2 20. Nxd4 Rxg2 21. Kxg2 Bxd3 22. Rd1 Be4+ 23. Kg3 g5 24. h4 Bd6+ 25. Kh3 gxh4 26. Bxh6 Kh7 27. Bg5 Kg6 28. Rf1 Be5 29. Be3 Nh7 30. Rad1 Rc8 31. Nf3 Bxf3 32. Rxf3 d4 33. Bd2 Rc2 34. Kxh4 Rxb2 35. Rf5 Bf6+ 36. Kg3 Rxa2 37. Bf4 Re2 38. Rh1 Bg5 39. Kf3 Ra2 40. Rxh7 Bxf4 41. Rxb7 Be3 42. Rd5 Kf6 43. Rc7 Ke6 44. Ke4 Rg2 45. Rc6+ Ke7 46. Rc7+ Ke6 47. Rc6+ Ke7 48. Rg6 Kf7 49. Rdd6 Rf2 50. Ra6 Rf4+ 51. Kd3 Rf3 52. Kc4 d3 53. Rgd6 d2 54. Ra2 Rf4+ 55. Kc3 Rxg4 56. Rdxd2 1/2-1/2

[Event "Nis op"]
[Site "Nis"]
[Date "2019.06.25"]
[Round "1"]
[White "Brink, Barry"]
[Black "Shahil, Dey"]
[Result "1/2-1/2"]
[WhiteElo "2387"]
[BlackElo "2058"]
[PlyCount "75"]
[EventDate "2019.06.25"]
[EventType "swiss"]
[EventRounds "9"]
[EventCountry "SRB"]
[SourceTitle "EXT 2020"]
[Source "ChessBase"]
[SourceDate "2019.10.17"]
[SourceVersion "1"]
[SourceVersionDate "2019.10.17"]
[SourceQuality "1"]

1. Nf3 Nf6 2. b3 d5 3. Bb2 c6 4. e3 e6 5. d4 Nbd7 6. Bd3 Bd6 7. 0-0 0-0 8. c4 Qe7 9. Ne5 Ne8 10. f4 f6 11. Ng4 b6 12. Nc3 Bb7 13. Qf3 f5 14. Ne5 Ndf6 15. cxd5 cxd5 16. Nb5 Bb8 17. Ba3 Nd6 18. Rfc1 a6 19. Nxd6 Bxd6 20. Bxd6 Qxd6 21. Qe2 a5 22. a3 Nd7 23. Qb2 Rfc8 24. h3 Nxe5 25. dxe5 Qd8 26. Qd4 Ba6 27. Bxa6 Rxa6 28. Rc3 Raa8 29. Rac1 Kf7 30. Rxc8 Rxc8 31. Rxc8 Qxc8 32. Qxb6 Qc1+ 33. Kh2 Qxa3 34. Qc7+ Kf8 35. Qd8+ Kf7 36. Qc7+ Kf8 37. Qd8+ Kf7 38. Qc7+ 1/2-1/2

[Event "Amsterdam Mokumse"]
[Site "Amsterdam"]
[Date "2019.04.12"]
[Round "1"]
[White "Lopez, Jasel"]
[Black "Brink, Barry"]
[Result "1/2-1/2"]
[WhiteElo "2390"]
[BlackElo "2394"]
[PlyCount "88"]
[EventDate "2019.02.05"]
[EventType "tourn"]
[EventRounds "9"]
[EventCountry "NED"]
[EventCategory "2"]
[SourceTitle "CBM 190 Extra"]
[Source "ChessBase"]
[SourceDate "2019.07.15"]
[SourceVersion "1"]
[SourceVersionDate "2019.07.15"]
[SourceQuality "1"]

1. d4 Nf6 2. Bf4 d5 3. e3 c5 4. c3 Nc6 5. Nd2 e6 6. Ngf3 cxd4 7. exd4 Nh5 8. Be3 Bd6 9. Ne5 g6 10. g4 Ng7 11. h4 h5 12. Bg5 Qb6 13. Bf6 Rg8 14. Qb3 Bxe5 15. dxe5 hxg4 16. Bb5 Bd7 17. Bxc6 bxc6 18. Qa3 c5 19. Rg1 Nh5 20. Bg5 Qc7 21. 0-0-0 Qxe5 22. Qxc5 f6 23. Rge1 Rc8 24. Qa5 Qc7 25. Qxd5 Kf7 26. Qd3 Ba4 27. b3 Rgd8 28. Qe4 Qxc3+ 29. Kb1 Qd3+ 30. Qxd3 Rxd3 31. Ne4 Rcd8 32. Rxd3 Rxd3 33. bxa4 fxg5 34. Nxg5+ Kf6 35. Rxe6+ Kf5 36. Re7 a5 37. Rf7+ Ke5 38. Re7+ Kd4 39. Kc2 Rc3+ 40. Kb2 Rc4 41. Kb3 Rc3+ 42. Kb2 Rc4 43. Kb3 Rc3+ 44. Kb2 Rc4 1/2-1/2

[Event "Tata Steel TOP 81st"]
[Site "Wijk aan Zee"]
[Date "2019.01.25"]
[Round "7"]
[White "Mamedjarova, Zeinab"]
[Black "Brink, Barry"]
[Result "1/2-1/2"]
[WhiteElo "2311"]
[BlackElo "2385"]
[PlyCount "74"]
[EventDate "2019.01.18"]
[EventType "tourn"]
[EventRounds "9"]
[EventCountry "NED"]
[EventCategory "7"]
[SourceTitle "CBM 188 Extra"]
[Source "ChessBase"]
[SourceDate "2019.02.28"]
[SourceVersion "1"]
[SourceVersionDate "2019.02.28"]
[SourceQuality "1"]

1. d4 Nf6 2. Nf3 d5 3. e3 c5 4. c4 cxd4 5. exd4 g6 6. Nc3 Bg7 7. Bg5 Ne4 8. Bf4 Nxc3 9. bxc3 0-0 10. Rb1 Nc6 11. Rb5 dxc4 12. Bxc4 a6 13. Rc5 Bd7 14. h4 Rc8 15. Bd3 Na5 16. Rxc8 Qxc8 17. Qd2 Nc4 18. Qe2 Nd6 19. 0-0 Bf5 20. Bxd6 exd6 21. Bxf5 Qxf5 22. c4 Bf6 23. Qb2 b5 24. cxb5 axb5 25. Rb1 Rc8 26. Rc1 Rc4 27. a3 Qd3 28. Rb1 Kg7 29. Qa1 Rc3 30. Qb2 Bxd4 31. Nxd4 Qxd4 32. Qa1 Qd2 33. Rd1 Qc2 34. Rxd6 Qc1+ 35. Qxc1 Rxc1+ 36. Kh2 Rc3 37. Rb6 Rxa3 1/2-1/2

[Event "Tata Steel TOP 81st"]
[Site "Wijk aan Zee"]
[Date "2019.01.23"]
[Round "6"]
[White "Brink, Barry"]
[Black "Kevlishvili, Robby"]
[Result "0-1"]
[WhiteElo "2385"]
[BlackElo "2453"]
[PlyCount "72"]
[EventDate "2019.01.18"]
[EventType "tourn"]
[EventRounds "9"]
[EventCountry "NED"]
[EventCategory "7"]
[SourceTitle "CBM 188 Extra"]
[Source "ChessBase"]
[SourceDate "2019.02.28"]
[SourceVersion "1"]
[SourceVersionDate "2019.02.28"]
[SourceQuality "1"]

1. d4 d5 2. c4 c6 3. Nf3 Nf6 4. Qc2 dxc4 5. Qxc4 Bg4 6. Nbd2 Nbd7 7. g3 e6 8. Bg2 Be7 9. 0-0 0-0 10. b3 Rc8 11. Bb2 b5 12. Qc2 c5 13. Rfc1 Qb6 14. a4 a6 15. axb5 axb5 16. Qd3 Rfd8 17. e3 Bf5 18. Qe2 Ne4 19. Nh4 Bxh4 20. gxh4 Nxd2 21. Qxd2 cxd4 22. e4 Bg6 23. Qxd4 Qxd4 24. Bxd4 Rxc1+ 25. Rxc1 f6 26. f3 Bf7 27. b4 Nf8 28. Bb6 Rb8 29. Bc7 Rc8 30. Bf1 Be8 31. Kf2 e5 32. Rc3 Bd7 33. Ke3 Ne6 34. Bxb5 Bxb5 35. Bxe5 Ra8 36. Bg3 Ra2 0-1

[Event "Tata Steel TOP 81st"]
[Site "Wijk aan Zee"]
[Date "2019.01.21"]
[Round "4"]
[White "Brink, Barry"]
[Black "Martens, Martin"]
[Result "1-0"]
[WhiteElo "2385"]
[BlackElo "2382"]
[PlyCount "121"]
[EventDate "2019.01.18"]
[EventType "tourn"]
[EventRounds "9"]
[EventCountry "NED"]
[EventCategory "7"]
[SourceTitle "CBM 188 Extra"]
[Source "ChessBase"]
[SourceDate "2019.02.28"]
[SourceVersion "1"]
[SourceVersionDate "2019.02.28"]
[SourceQuality "1"]

1. d4 g6 2. c4 Bg7 3. Nc3 d6 4. e4 Nf6 5. Be2 0-0 6. Be3 c5 7. d5 e6 8. Nf3 exd5 9. exd5 Bg4 10. h3 Bxf3 11. Bxf3 Nfd7 12. Qd2 Ne5 13. Be2 f5 14. f4 Ned7 15. g4 b5 16. cxb5 Nf6 17. gxf5 gxf5 18. Bd3 Ne4 19. Nxe4 fxe4 20. Be2 a6 21. b6 Qh4+ 22. Bf2 Qe7 23. Rg1 Nd7 24. 0-0-0 Kh8 25. Rxg7 Qxg7 26. Qe3 Qf6 27. Be1 Qxf4 28. Bc3+ Ne5 29. Qxf4 Rxf4 30. b7 Rb8 31. Bxa6 e3 32. Re1 Ra4 33. Bb5 Re4 34. Bc6 Kg8 35. Bxe5 Rxe5 36. a4 Re7 37. Kc2 Kf7 38. Kc3 h5 39. b3 Kg6 40. a5 Rexb7 41. Bxb7 Rxb7 42. Rxe3 Ra7 43. b4 Kg5 44. Kc4 Kf4 45. Ra3 cxb4 46. Kxb4 Ke4 47. Kb5 Kxd5 48. Kb6 Ra8 49. a6 Ke4 50. Kb7 Rg8 51. a7 d5 52. a8Q Rxa8 53. Rxa8 d4 54. Rd8 d3 55. Kc6 Ke3 56. Kd5 d2 57. Ke5 Ke2 58. Kf5 d1Q 59. Rxd1 Kxd1 60. Kg5 Ke2 61. Kxh5 1-0

[Event "Tata Steel TOP 81st"]
[Site "Wijk aan Zee"]
[Date "2019.01.20"]
[Round "3"]
[White "Kosakowski, Jakub"]
[Black "Brink, Barry"]
[Result "1/2-1/2"]
[WhiteElo "2404"]
[BlackElo "2385"]
[PlyCount "43"]
[EventDate "2019.01.18"]
[EventType "tourn"]
[EventRounds "9"]
[EventCountry "NED"]
[EventCategory "7"]
[SourceTitle "CBM 188 Extra"]
[Source "ChessBase"]
[SourceDate "2019.02.28"]
[SourceVersion "1"]
[SourceVersionDate "2019.02.28"]
[SourceQuality "1"]

1. e4 c5 2. Nf3 e6 3. d4 cxd4 4. Nxd4 Nc6 5. Nc3 Qc7 6. f4 a6 7. Nxc6 bxc6 8. e5 d5 9. exd6 Bxd6 10. Qf3 Nf6 11. Bd3 0-0 12. 0-0 Bb7 13. Bd2 c5 14. Ne4 Be7 15. Bc3 c4 16. Nxf6+ Bxf6 17. Bxh7+ Kxh7 18. Qh5+ Kg8 19. Bxf6 gxf6 20. Qg4+ Kh7 21. Qh5+ Kg7 22. Qg4+ 1/2-1/2

[Event "Tata Steel TOP 81st"]
[Site "Wijk aan Zee"]
[Date "2019.01.18"]
[Round "1"]
[White "Warmerdam, Max"]
[Black "Brink, Barry"]
[Result "1/2-1/2"]
[WhiteElo "2440"]
[BlackElo "2385"]
[PlyCount "122"]
[EventDate "2019.01.18"]
[EventType "tourn"]
[EventRounds "9"]
[EventCountry "NED"]
[EventCategory "7"]
[SourceTitle "CBM 188 Extra"]
[Source "ChessBase"]
[SourceDate "2019.02.28"]
[SourceVersion "1"]
[SourceVersionDate "2019.02.28"]
[SourceQuality "1"]

1. e4 c5 2. Nf3 e6 3. d4 cxd4 4. Nxd4 Nc6 5. Nc3 Qc7 6. Be3 a6 7. Qd2 Nf6 8. f4 Bb4 9. Bd3 Na5 10. a3 Bxc3 11. Qxc3 Qxc3+ 12. bxc3 d5 13. exd5 exd5 14. Nb3 Nc4 15. Bd4 Ne4 16. Nc5 Nxc5 17. Bxc5 b6 18. 0-0-0 bxc5 19. Rhe1+ Be6 20. f5 0-0 21. fxe6 fxe6 22. Rxe6 Rf2 23. Re2 Raf8 24. Rxf2 Rxf2 25. Bxc4 dxc4 26. Rd2 Rf1+ 27. Kb2 Kf7 28. Rd6 Rf2 29. Rxa6 Rxg2 30. h4 Rh2 31. Ra7+ Kg6 32. Ra6+ Kh5 33. Ra7 Kh6 34. a4 Rxh4 35. a5 Rf4 36. Rb7 g5 37. a6 Rf6 38. a7 Ra6 39. Kc1 Ra3 40. Kd2 Kg6 41. Ke3 Rxc3+ 42. Ke4 Ra3 43. c3 h6 44. Re7 Ra1 45. Kf3 h5 46. Rc7 Ra3 47. Rc6+ Kg7 48. Rxc5 Rxc3+ 49. Ke4 Ra3 50. Rxg5+ Kh6 51. Rc5 Rxa7 52. Rxc4 Rf7 53. Ke3 Kg5 54. Ke2 h4 55. Rc1 h3 56. Rf1 Ra7 57. Kf2 Kf4 58. Kg1+ Kg3 59. Rb1 Ra3 60. Kh1 Rc3 61. Ra1 Rb3 1/2-1/2

[Event "Schilcherland op 2nd"]
[Site "Deutschlandsberg"]
[Date "2018.12.31"]
[Round "4"]
[White "Brink, Barry"]
[Black "Stanec, Nikolaus"]
[Result "1/2-1/2"]
[WhiteElo "2374"]
[BlackElo "2472"]
[PlyCount "59"]
[EventDate "2018.12.29"]
[EventType "swiss"]
[EventRounds "9"]
[EventCountry "AUT"]
[SourceTitle "CBM 188 Extra"]
[Source "ChessBase"]
[SourceDate "2019.02.28"]
[SourceVersion "1"]
[SourceVersionDate "2019.02.28"]
[SourceQuality "1"]

1. d4 Nf6 2. c4 d6 3. Nc3 Nbd7 4. e4 e5 5. d5 Nc5 6. f3 a5 7. Be3 Be7 8. Nge2 0-0 9. Qd2 c6 10. Nc1 cxd5 11. cxd5 Nh5 12. g3 g6 13. Nd3 b6 14. Bh6 Ng7 15. 0-0-0 f5 16. Kb1 Rf7 17. Be2 Bd7 18. Nxc5 bxc5 19. g4 fxg4 20. fxg4 a4 21. Rdf1 Rxf1+ 22. Rxf1 a3 23. b3 Rb8 24. h3 Ne8 25. Bc4 Nc7 26. Bd3 Bh4 27. g5 Qe8 28. Qc2 Qe7 29. Rf6 Qe8 30. Rf1 1/2-1/2

[Event "Schilcherland op 2nd"]
[Site "Deutschlandsberg"]
[Date "2018.12.30"]
[Round "3"]
[White "Lehaci, Miruna Daria"]
[Black "Brink, Barry"]
[Result "0-1"]
[WhiteElo "2139"]
[BlackElo "2374"]
[PlyCount "34"]
[EventDate "2018.12.29"]
[EventType "swiss"]
[EventRounds "9"]
[EventCountry "AUT"]
[SourceTitle "CBM 188 Extra"]
[Source "ChessBase"]
[SourceDate "2019.02.28"]
[SourceVersion "1"]
[SourceVersionDate "2019.02.28"]
[SourceQuality "1"]

1. e4 c5 2. Nf3 e6 3. d4 cxd4 4. Nxd4 Nc6 5. Nxc6 bxc6 6. Bd3 Nf6 7. 0-0 Be7 8. Qe2 e5 9. b3 a5 10. Kh1 Bc5 11. Bb2 d6 12. Nd2 Qe7 13. f4 Ng4 14. Nc4 Nxh2 15. f5 Nxf1 16. Qg4 Ne3 17. Nxe3 Bxe3 0-1

[Event "Schilcherland op 2nd"]
[Site "Deutschlandsberg"]
[Date "2018.12.29"]
[Round "1"]
[White "Rozman, Monika"]
[Black "Brink, Barry"]
[Result "1/2-1/2"]
[WhiteElo "2068"]
[BlackElo "2374"]
[PlyCount "77"]
[EventDate "2018.12.29"]
[EventType "swiss"]
[EventRounds "9"]
[EventCountry "AUT"]
[SourceTitle "CBM 188 Extra"]
[Source "ChessBase"]
[SourceDate "2019.02.28"]
[SourceVersion "1"]
[SourceVersionDate "2019.02.28"]
[SourceQuality "1"]

1. e4 c5 2. Nf3 e6 3. d4 cxd4 4. Nxd4 Nc6 5. Be3 Nf6 6. Bd3 d5 7. Nxc6 bxc6 8. e5 Nd7 9. f4 Bc5 10. Bxc5 Nxc5 11. Nd2 Qb6 12. Nb3 Nxb3 13. axb3 Qe3+ 14. Qe2 Qxf4 15. Rf1 Qxh2 16. Ra4 0-0 17. Rf3 f5 18. exf6 Rxf6 19. Rxf6 gxf6 20. Qf2 Qe5+ 21. Kf1 Bd7 22. Bxh7+ Kf7 23. Rxa7 Rxa7 24. Qxa7 Qd6 25. Bd3 Ke7 26. Qe3 e5 27. Qh6 e4 28. Be2 Qe5 29. Qg7+ Kd6 30. Qf8+ Kc7 31. Qc5 Qxb2 32. b4 Qc1+ 33. Kf2 Qf4+ 34. Kg1 Qd6 35. Qa5+ Kb8 36. Qb6+ Ka8 37. Qa6+ Kb8 38. Qb6+ Ka8 39. Qa6+ 1/2-1/2

[Event "Amsterdam Science Park op-A"]
[Site "Amsterdam"]
[Date "2018.07.10"]
[Round "4"]
[White "Riemersma, Liafbern"]
[Black "Brink, Barry"]
[Result "1/2-1/2"]
[WhiteElo "2458"]
[BlackElo "2342"]
[PlyCount "33"]
[EventDate "2018.07.07"]
[EventType "swiss"]
[EventRounds "9"]
[EventCountry "NED"]
[SourceTitle "CBM 185 Extra"]
[Source "ChessBase"]
[SourceDate "2018.07.29"]
[SourceVersion "1"]
[SourceVersionDate "2018.07.29"]
[SourceQuality "1"]

1. d4 Nf6 2. c4 e6 3. g3 d5 4. Nf3 Be7 5. Bg2 0-0 6. 0-0 dxc4 7. Ne5 Nc6 8. Nxc6 bxc6 9. Na3 Bxa3 10. bxa3 Ba6 11. Qd2 Rb8 12. Qa5 Qc8 13. a4 Rd8 14. e3 c5 15. Qxc5 Nd7 16. Qe7 c5 17. d5 1/2-1/2

[Event "Amsterdam Science Park op-A"]
[Site "Amsterdam"]
[Date "2018.07.09"]
[Round "3"]
[White "Elgersma, Onno"]
[Black "Brink, Barry"]
[Result "1/2-1/2"]
[WhiteElo "2150"]
[BlackElo "2342"]
[PlyCount "129"]
[EventDate "2018.07.07"]
[EventType "swiss"]
[EventRounds "9"]
[EventCountry "NED"]
[SourceTitle "CBM 185 Extra"]
[Source "ChessBase"]
[SourceDate "2018.07.29"]
[SourceVersion "1"]
[SourceVersionDate "2018.07.29"]
[SourceQuality "1"]

1. e4 e5 2. Nf3 Nc6 3. d4 exd4 4. Nxd4 Nf6 5. Nxc6 bxc6 6. e5 Qe7 7. Qe2 Nd5 8. h4 Bb7 9. c4 Nb6 10. Bg5 Qe6 11. Nd2 h6 12. Bf4 0-0-0 13. 0-0-0 Kb8 14. Nb3 Qf5 15. Qe3 Qe6 16. Nc5 Qe7 17. Nxb7 Kxb7 18. Rh3 Qc5 19. Rf3 Be7 20. Qxc5 Bxc5 21. Bg3 Rhf8 22. Kc2 Rde8 23. Rf5 Re6 24. h5 a5 25. Rd3 d5 26. exd6 cxd6 27. Rd2 Nd7 28. Rxc5 Nxc5 29. Bxd6 Rxd6 30. Rxd6 Re8 31. Rd2 Re1 32. Bd3 Rh1 33. Re2 Ne6 34. Re5 Kb6 35. Be4 Rf1 36. Kc3 Rxf2 37. Rf5 Rxf5 38. Bxf5 Nf4 39. g4 Kc5 40. a3 g6 41. b4+ axb4+ 42. axb4+ Kd6 43. hxg6 fxg6 44. Be4 h5 45. c5+ Kc7 46. g5 h4 47. Kd4 h3 48. Ke3 Nh5 49. Kf3 h2 50. Kg4 Kd7 51. Kh3 h1Q+ 52. Bxh1 Nf4+ 53. Kg4 Nd3 54. Be4 Nxb4 55. Bxg6 Ke7 56. Kh5 Na6 57. Kh6 Nxc5 58. Bf5 Nb7 59. g6 Nd6 60. Bc2 Nf7+ 61. Kh7 Ng5+ 62. Kh8 Ne6 63. Bb3 Kf6 64. Bc2 c5 65. Bb3 1/2-1/2

[Event "Amsterdam Science Park op-A"]
[Site "Amsterdam"]
[Date "2017.07.08"]
[Round "1"]
[White "De Boer, Bas"]
[Black "Brink, Barry"]
[Result "0-1"]
[WhiteElo "2079"]
[BlackElo "2361"]
[PlyCount "68"]
[EventDate "2017.07.08"]
[EventType "swiss"]
[EventRounds "9"]
[EventCountry "NED"]
[SourceTitle "CBM 179 Extra"]
[Source "ChessBase"]
[SourceDate "2017.08.23"]
[SourceVersion "1"]
[SourceVersionDate "2017.08.23"]
[SourceQuality "1"]

1. d4 Nf6 2. c4 e6 3. Nc3 Bb4 4. Qc2 0-0 5. Nf3 d5 6. cxd5 exd5 7. Bg5 h6 8. Bxf6 Qxf6 9. e3 Bf5 10. Bd3 Bxd3 11. Qxd3 c6 12. 0-0 Nd7 13. a3 Bd6 14. b4 a6 15. Na4 Qe7 16. Nc5 Nf6 17. Rfc1 Ne4 18. Rab1 g5 19. Ne5 Rfe8 20. Nxe4 dxe4 21. Qxe4 Bxe5 22. dxe5 Qxe5 23. Qg4 Rad8 24. Rd1 Kg7 25. Rd7 Rxd7 26. Qxd7 Re7 27. Qd3 c5 28. bxc5 Qxc5 29. Rd1 b5 30. h4 gxh4 31. Qd4+ Qxd4 32. Rxd4 Rc7 33. a4 Rc1+ 34. Kh2 Rc4 0-1